Dumb Movie Quotes A-Z - Statistics

General Stats
  • This quiz has been taken 40 times
  • The average score is 7 of 26
Answer Stats
Hint Answer % Correct
D Nobody puts Baby in a corner. Dirty Dancing
66%
K It’s not a toomah! Kindergarten Cop
53%
M Chicken Jockey!!! A Minecraft Movie
50%
S I don’t like sand. It’s coarse and rough and irritating… and it gets everywhere. Star Wars: Attack of the Clones
47%
R Here you go. Keep the change. Hi doggy! The Room
39%
P I think World War II’s just hit us! Pearl Harbor
37%
E Honey, maybe God didn’t mean a literal flood.Maybe he meant a flood of knowledge, or emotion, or awareness. Evan Almighty
34%
W Oh, no, not the bees! Not the bees! AAAHHH! They’re in my eyes! The Wicker Man
34%
X You know what happens to a toad when it's struck by lightning?The same thing that happens to everything else. X-Men
32%
I Love is the one thing we’re capable of perceiving that transcends dimensions of time and space. Interstellar
29%
Q You must be the fastest gun in the West. That or the biggest liar! The Quick and the Dead
29%
T You better hold on tight, spider monkey. Twilight
26%
A Sometimes there’s so much beauty in the world, I feel like I can’t take it. American Beauty
24%
J Snow dad is better than no dad. Jack Frost
24%
U I was an elite soldier in the vampire army. A death dealer. And I was good at it. But I was betrayed. Underworld: Blood Wars
24%
B What killed the dinosaurs? … The Ice Age! Batman & Robin
21%
F Is it still raining? I hadn’t noticed. Four Weddings and a Funeral
18%
L Looks like meat’s back on the menu, boys! Lord of the Rings: The Two Towers
18%
O Are you a Mexi-can or a Mexi-can’t? Once Upon a Time in Mexico
18%
C Put… the bunny… back in the box. Con Air
11%
G *seductively* It’s turkey time. Gobble gobble. Gigli
11%
V Eyes, lungs, pancreas. So many snacks, so little time. Venom
8%
Z This is what defeat looks like, bro. Your jihad is over. Zero Dark Thirty
8%
Y So what’s the plan for me? First, you become Japanese! You Only Live Twice
5%
N We may not enjoy living together, but dying together isn't going to solve anything. Night of the Living Dead
0%
H It makes you kill yourself. Just when you thought there couldn't be any more evil that can be invented. The Happening
0%
No matching quizzes found
Score Distribution
Percent of People with Each Score
Percentile by Number Answered
Your Score History
You have not taken this quiz